000 02406namaa2200409uu 4500
001 doab81889
003 oapen
005 20260305123947.0
006 m o d
007 cr|mn|---annan
008 220526s2021 xx |||||o ||| 0|eng d
020 _a9780197266830
040 _aoapen
_coapen
041 0 _aeng
042 _adc
072 7 _aLNTM1
_2bicssc
720 1 _aBrowne, Victoria
_4edt
245 0 0 _aVulnerability and the Politics of Care
_bTransdisciplinary Dialogues
260 _bOxford University Press
_c2021
300 _a1 online resource (288 p.)
336 _atext
_btxt
_2rdacontent
337 _acomputer
_bc
_2rdamedia
338 _aonline resource
_bcr
_2rdacarrier
506 0 _aFree-to-read
_fUnrestricted online access
_2star
520 _aVulnerability is a fundamental aspect of existence, giving rise to the need for care in various forms. Yet we are not all vulnerable in the same way, and not all vulnerabilities are equally recognised or cared for. This transdisciplinary volume considers how vulnerability and care are shaped by relations of power within contemporary contexts of war, development, environmental degradation, sexual violence, aging populations and economic precarity. It proposes that care for vulnerable populations or individuals is inseparable from other political processes of recognition, welfare, healthcare and security, whilst also exploring vulnerability as a shared, generative condition that makes caring possible. Ethnographic and narrative accounts of vulnerable life and caring relations in various geographical regions - including Japan, Uganda, Micronesia, Iraq, Mexico, the UK and the US - are interspersed with perspectives from philosophy, International Relations, social and cultural theory, and more, resulting in a compelling series of intellectual exchanges, creative frictions and provocative insights.
540 _aAll rights reserved
_uhttp://oapen.org/content/about-rights
546 _aEnglish
650 7 _aMental health law
_2bicssc
653 _ahealth; politics
720 1 _aBrowne, Victoria
_4oth
720 1 _aDANELY, Jason
_4edt
720 1 _aDANELY, Jason
_4oth
720 1 _aRosenow, Doerthe
_4edt
720 1 _aRosenow, Doerthe
_4oth
793 0 _aDOAB Library.
856 4 0 _uhttps://directory.doabooks.org/handle/20.500.12854/81889
_70
_zFree-to-read: DOAB: description of the publication
999 _c92764
_d92764